| 000 | 01030nam a22002657a 4500 | ||
|---|---|---|---|
| 003 | DO-SdBNP | ||
| 005 | 20240607113656.0 | ||
| 006 | a||||gr|||| 00| 0 | ||
| 008 | 240529e2010 |||aoc|| |||| 00| 0 spa d | ||
| 040 |
_aDO-SdBNP _bspa _cBNPHU _erda |
||
| 082 | 4 |
_222 _bV427c |
|
| 111 |
_aConcurso de Arte Eduardo León Jimenez _n(XXIV: _d2010: _cRepública Dominicana) _985582 _jautor |
||
| 245 | 1 | 0 |
_aXXIV concurso de arte Eduardo León Jimenes: _bla innovación como principio. |
| 246 | 1 | 4 | _aVeinticuatro concurso de arte Eduardo León Jimenes. |
| 264 | 1 |
_a[Santo Domingo]: _bCentro León, _bBanco León _c2010 |
|
| 300 |
_a19 páginas : _bIlustraciones, fotografías, retratos ; _c26 cm. |
||
| 336 |
_2rdacontent _atexto _btxt |
||
| 337 |
_2rdamedia _asin mediación _bn |
||
| 338 |
_2rdacarrier _avolumen _bnc |
||
| 500 | _aIncluye biografías de los pintores. | ||
| 590 | _aInventariado 2024 / MF | ||
| 650 | 4 |
_aArte dominicano _vConcursos _984600 |
|
| 650 | 4 |
_aPintura _xConcursos _980083 _zRepública Dominicana |
|
| 942 |
_2ddc _cLF2 |
||
| 999 |
_c56774 _d56774 |
||